[Event "Hungria ch 2009 femenino"]
[Site "Eger HUN"]
[Date "2009.08.27"]
[Round "7.3"]
[White "Dudas, Eszter"]
[Black "Gara, Ticia"]
[Result "1/2-1/2"]
[WhiteElo "2141"]
[BlackElo "2354"]
[PlyCount "120"]
[EventDate "2009.08.21"]
[EventType "tourn"]
[EventRounds "9"]
[EventCountry "HUN"]
[EventCategory "1"]
[Source "lmi"]
[SourceDate "2009.08.21"]

1. e4 c5 2. Nf3 d6 3. d4 cxd4 4. Nxd4 Nf6 5. Nc3 a6 6. Bc4 e6 7. Bb3 b5 8. O-O
Be7 9. Qf3 Qb6 10. Be3 Qb7 11. Qg3 Nbd7 12. f3 O-O 13. Rfd1 Kh8 14. a4 b4 15.
Nb1 Nc5 16. Nd2 Nxb3 17. N2xb3 e5 18. Na5 Qc7 19. Ndc6 Bd8 20. Qf2 Be6 21. Nxd8
Qxd8 22. Nc6 Qc7 23. Nxb4 a5 24. Nd3 Rfc8 25. Rdc1 Rab8 26. Ra3 Qc6 27. c4 Qb7
28. Rac3 Nd7 29. c5 dxc5 30. Bxc5 Qa6 31. Ba7 Rxc3 32. Rxc3 Rc8 33. Rxc8+ Qxc8
34. Qd2 Qc7 35. Bf2 Bb3 36. Be1 Qb6+ 37. Bf2 Qc7 38. Be1 Qb6+ 39. Kh1 Bxa4 40.
Qxa5 Qxa5 41. Bxa5 Bb5 42. Ne1 Nc5 43. b4 Nb7 44. Bc7 f6 45. Nc2 Kg8 46. Kg1
Kf7 47. Kf2 Ke6 48. Na3 Bd3 49. Ke3 Bf1 50. g3 Kd7 51. Bb8 Kc6 52. f4 exf4+ 53.
gxf4 Nd8 54. e5 fxe5 55. fxe5 Ne6 56. Nc2 Kd5 57. Ne1 Nd4 58. Kf4 Ne6+ 59. Ke3
Nd4 60. Kf4 Ne6+ 1/2-1/2

[Event "Hungria ch 2009 femenino"]
[Site "Eger HUN"]
[Date "2009.08.27"]
[Round "7.4"]
[White "Medvegy, Nora Dr"]
[Black "Papp, Petra"]
[Result "1-0"]
[WhiteElo "2344"]
[BlackElo "2159"]
[PlyCount "133"]
[EventDate "2009.08.21"]
[EventType "tourn"]
[EventRounds "9"]
[EventCountry "HUN"]
[EventCategory "1"]
[Source "lmi"]
[SourceDate "2009.08.21"]

1. e4 c5 2. Nf3 d6 3. d4 cxd4 4. Nxd4 Nf6 5. Nc3 a6 6. Be3 e5 7. Nde2 Be6 8. f4
Nbd7 9. f5 Bc4 10. Ng3 Qc7 11. Bxc4 Qxc4 12. Qe2 Rc8 13. Qxc4 Rxc4 14. Ke2 Be7
15. Kd3 Rc8 16. a4 O-O 17. a5 Rfd8 18. Rhd1 Kf8 19. h3 Rc6 20. Nd5 Rdc8 21. c3
Bd8 22. Nb4 Rc4 23. Rdc1 R4c7 24. Nd5 Nxd5 25. exd5 Nc5+ 26. Kc2 Bh4 27. Ne2 h6
28. Rd1 Ne4 29. Ra4 Rc4 30. Rxc4 Rxc4 31. Ra1 Nc5 32. b4 Nd7 33. Kd3 Rc8 34.
Rd1 Ke7 35. g4 Rc7 36. Bg1 Rc8 37. Rc1 e4+ 38. Kxe4 Ne5 39. Bd4 Rc4 40. Rf1 Bg5
41. Rd1 Kd7 42. Nf4 Bxf4 43. Kxf4 f6 44. Ke3 Rc8 45. Bxe5 Re8 46. c4 Rxe5+ 47.
Kf3 Re8 48. Rg1 Rb8 49. Re1 Rc8 50. Re4 Rb8 51. Ke3 b6 52. axb6 Rxb6 53. c5 Rb5
54. c6+ Kd8 55. Rd4 a5 56. bxa5 Rxa5 57. Ke4 Kc8 58. Kf4 Rb5 59. Rd3 Ra5 60.
Kg3 Kd8 61. Kh4 Ke7 62. Kh5 Kf7 63. Rc3 Ra8 64. Rb3 Re8 65. Rb7+ Kf8 66. Kg6
Re3 67. c7 1-0

[Event "Hungria ch 2009 femenino"]
[Site "Eger HUN"]
[Date "2009.08.28"]
[Round "8.1"]
[White "Gara, Anita"]
[Black "Csatari, Mariann"]
[Result "1-0"]
[WhiteElo "2353"]
[BlackElo "2117"]
[PlyCount "55"]
[EventDate "2009.08.21"]
[EventType "tourn"]
[EventRounds "9"]
[EventCountry "HUN"]
[EventCategory "1"]
[Source "lmi"]
[SourceDate "2009.08.21"]

1. e4 c5 2. Nf3 d6 3. d4 cxd4 4. Qxd4 Nc6 5. Bb5 Qd7 6. Qd3 a6 7. Bxc6 bxc6 8.
O-O e6 9. c4 c5 10. Rd1 Bb7 11. Nc3 Rd8 12. e5 Qc6 13. Bf4 d5 14. cxd5 exd5 15.
Ne4 Qg6 16. Nd6+ Bxd6 17. exd6 Qxd3 18. Rxd3 f6 19. h4 Kf7 20. Rc1 c4 21. Re3
Rd7 22. Rce1 g6 23. Re8 h6 24. Bg3 h5 25. Nd4 g5 26. Rb8 Rh7 27. Ne6 gxh4 28.
Rf8+ 1-0

[Event "Hungria ch 2009 femenino"]
[Site "Eger HUN"]
[Date "2009.08.28"]
[Round "8.2"]
[White "Papp, Petra"]
[Black "Toth, Sarolta"]
[Result "1/2-1/2"]
[WhiteElo "2159"]
[BlackElo "2236"]
[PlyCount "68"]
[EventDate "2009.08.21"]
[EventType "tourn"]
[EventRounds "9"]
[EventCountry "HUN"]
[EventCategory "1"]
[Source "lmi"]
[SourceDate "2009.08.21"]

1. e4 e5 2. Nf3 Nc6 3. Bc4 Bc5 4. c3 Nf6 5. d3 d6 6. O-O a6 7. Be3 O-O 8. Nbd2
Bxe3 9. fxe3 Na5 10. Bb3 Nxb3 11. axb3 Ng4 12. Qe1 f5 13. exf5 Bxf5 14. e4 Bd7
15. Nc4 Bb5 16. Ne3 Nxe3 17. Qxe3 Qe7 18. Nd2 Rxf1+ 19. Rxf1 Rf8 20. g3 Rxf1+
21. Nxf1 h6 22. Qe2 Qf7 23. c4 Bd7 24. Ne3 Be6 25. Kg2 c6 26. Qf3 Qc7 27. Nf5
Bxf5 28. Qxf5 Qf7 29. g4 Qe7 30. Kg3 Qc7 31. h4 Qb6 32. g5 hxg5 33. Qe6+ Kh7
34. Qf5+ Kg8 1/2-1/2

[Event "Hungria ch 2009 femenino"]
[Site "Eger HUN"]
[Date "2009.08.28"]
[Round "8.3"]
[White "Gara, Ticia"]
[Black "Medvegy, Nora Dr"]
[Result "1-0"]
[WhiteElo "2354"]
[BlackElo "2344"]
[PlyCount "59"]
[EventDate "2009.08.21"]
[EventType "tourn"]
[EventRounds "9"]
[EventCountry "HUN"]
[EventCategory "1"]
[Source "lmi"]
[SourceDate "2009.08.21"]

1. e4 c5 2. Nf3 Nc6 3. d4 cxd4 4. Nxd4 Qc7 5. Nc3 e6 6. Be2 a6 7. O-O Nf6 8.
Kh1 Nxd4 9. Qxd4 Bc5 10. Qd3 b5 11. f4 b4 12. e5 bxc3 13. exf6 gxf6 14. Qxc3
Bb7 15. Qxf6 Rg8 16. Bf3 Be7 17. Qe5 Qc4 18. Be3 Bxf3 19. Rxf3 Qxc2 20. Rf2 Qd3
21. Rd2 Qb5 22. Qe4 Rc8 23. Qxh7 Rg6 24. Qh8+ Bf8 25. Rad1 d6 26. Rxd6 Qe2 27.
Rd8+ Rxd8 28. Rxd8+ Ke7 29. Qxf8+ Kf6 30. Bd4+ 1-0

[Event "Hungria ch 2009 femenino"]
[Site "Eger HUN"]
[Date "2009.08.29"]
[Round "9.1"]
[White "Rudolf, Anna"]
[Black "Gara, Anita"]
[Result "0-1"]
[WhiteElo "2313"]
[BlackElo "2353"]
[PlyCount "148"]
[EventDate "2009.08.21"]
[EventType "tourn"]
[EventRounds "9"]
[EventCountry "HUN"]
[EventCategory "1"]
[Source "lmi"]
[SourceDate "2009.08.21"]

1. e4 c5 2. Nf3 d6 3. d4 cxd4 4. Nxd4 Nf6 5. Nc3 g6 6. Be2 Bg7 7. O-O O-O 8.
Re1 Nc6 9. Nb3 b6 10. Bg5 h6 11. Bh4 Bb7 12. Qd2 Kh7 13. f4 Rc8 14. Bf3 Nd7 15.
Rab1 Nc5 16. Nd5 Nxb3 17. axb3 Re8 18. c3 Na5 19. Bg4 Rc6 20. Bd1 Rc8 21. Bg4
Rc6 22. Bd1 Rc8 23. Qd3 Qd7 24. h3 Bc6 25. Nxe7 Rxe7 26. Bg4 Re6 27. Rbd1 Nb7
28. b4 Rce8 29. e5 Kh8 30. Kh2 Qc7 31. Bxe6 Rxe6 32. exd6 Rxd6 33. Qe3 Re6 34.
Qd2 Be4 35. Bg3 Qc6 36. Qd7 f5 37. Qxc6 Rxc6 38. Rd7 Rd6 39. Rxd6 Nxd6 40. Ra1
Nc4 41. Rxa7 Nxb2 42. Bf2 b5 43. Rc7 Nd3 44. Be3 g5 45. g3 gxf4 46. gxf4 Bf6
47. c4 Nxb4 48. cxb5 Nd5 49. Rc8+ Kh7 50. Ba7 Nxf4 51. Kg3 Ne6 52. Bb8 Bd4 53.
Bc7 Nxc7 54. Rxc7+ Kg6 55. Kf4 Kf6 56. Rh7 Be5+ 57. Ke3 Bd5 58. Rxh6+ Kg5 59.
Rh7 f4+ 60. Kd3 f3 61. Ke3 Bd6 62. Rd7 Bc5+ 63. Kd2 Be6 64. Rc7 Bd4 65. Kd3 f2
66. Rc1 Bb6 67. Ke2 Bxh3 68. Rb1 Kf4 69. Rb4+ Kg3 70. Rb1 Kg2 71. Ra1 Bg4+ 72.
Kd3 f1=Q+ 73. Rxf1 Kxf1 74. Kc4 Be2+ 0-1

[Event "Hungria ch 2009 femenino"]
[Site "Eger HUN"]
[Date "2009.08.29"]
[Round "9.2"]
[White "Dudas, Eszter"]
[Black "Lakos, Nikoletta"]
[Result "0-1"]
[WhiteElo "2141"]
[BlackElo "2310"]
[PlyCount "76"]
[EventDate "2009.08.21"]
[EventType "tourn"]
[EventRounds "9"]
[EventCountry "HUN"]
[EventCategory "1"]
[Source "lmi"]
[SourceDate "2009.08.21"]

1. e4 g6 2. d4 c6 3. Nc3 Bg7 4. Be3 d6 5. Qd2 Nd7 6. f3 b5 7. Bd3 a6 8. g4 c5
9. dxc5 Nxc5 10. O-O-O Bd7 11. Be2 Rc8 12. Kb1 b4 13. Nd5 e6 14. Bd4 e5 15. Be3
a5 16. h4 h6 17. h5 g5 18. Bf2 Bf8 19. Ne3 Be6 20. Bb5+ Ke7 21. Ne2 Nf6 22. Ng3
Ne8 23. Nef5+ Kf6 24. Bxe8 Qxe8 25. Nxd6 Bxd6 26. Qxd6 Rc6 27. Qd2 Na4 28. Ne2
Qb8 29. Ka1 Rhc8 30. Rc1 Rd8 31. Qe3 Qb5 32. Rhg1 Nxb2 33. Kxb2 Qc4 34. Qb3
Qxe2 35. Qe3 Qc4 36. Qb3 Qb5 37. Qe3 Qa4 38. a3 Rc3 0-1

[Event "Hungria ch 2009 femenino"]
[Site "Eger HUN"]
[Date "2009.08.29"]
[Round "9.4"]
[White "Toth, Sarolta"]
[Black "Gara, Ticia"]
[Result "0-1"]
[WhiteElo "2236"]
[BlackElo "2354"]
[PlyCount "76"]
[EventDate "2009.08.21"]
[EventType "tourn"]
[EventRounds "9"]
[EventCountry "HUN"]
[EventCategory "1"]
[Source "lmi"]
[SourceDate "2009.08.21"]

1. Nf3 g6 2. c4 Bg7 3. Nc3 c5 4. e3 Nf6 5. d4 cxd4 6. exd4 d5 7. Bg5 Ne4 8. Bf4
Nxc3 9. bxc3 Nc6 10. Bd3 dxc4 11. Bxc4 O-O 12. O-O Na5 13. Bb3 b6 14. Be5 Bb7
15. Bxg7 Kxg7 16. Qe2 Rc8 17. Rac1 Qd6 18. Rfd1 e6 19. Ne5 Rc7 20. f3 Rfc8 21.
Qe3 Bd5 22. Ng4 Qd8 23. Qe5+ f6 24. Qe3 Nxb3 25. axb3 Bxb3 26. Rd2 a5 27. Qh6+
Kh8 28. Qh4 g5 29. Qh6 Qf8 30. Qxf6+ Qxf6 31. Nxf6 Rxc3 32. Rxc3 Rxc3 33. Ne4
Rc1+ 34. Kf2 a4 35. Rd3 h6 36. Ke3 a3 37. Nd2 a2 38. Nxb3 Rb1 0-1